| 000 | 00462nam a2200145Ia 4500 | ||
|---|---|---|---|
| 008 | 211109s9999||||xx |||||||||||||| ||und|| | ||
| 082 |
_a894.812 _bMOH-S |
||
| 100 | _aMohamed, K T | ||
| 245 | 0 | _aSabdhagalute Lokam | |
| 260 |
_bCurrent Books _aTRICHUR _c1959 |
||
| 300 | _a78p. | ||
| 630 | _xGeneral Stack | ||
| 650 |
_aLiterature & rhetoric _vLiteratures of other languagesAltaic, Uralic, Hyperborean & Dravidianmalayalam literature _xMalayalam |
||
| 942 | _cBOOK | ||
| 999 |
_c19530 _d19530 |
||